000
00295nam a22001337a 4500
082
_a
425
_b
SCB/C
100
_a
SUBRAMANIAN,A.E
245
_a
CHANNEL 2
_b
ENGLISH FOR TODAY
250
_a
FIRST
260
_a
INDIA
_b
ORIENT LONGMAN
_c
1991
300
_a
65
650
_a
VOCABULARY
_z
INDIA
942
_c
BK
999
_c
3916
_d
3916